000 00408nam a2200181Ia 4500
001 975
005 20260306140558.0
008 260306t2006||||xx |||||||||||||| ||spa||
041 _aESP
082 _a174.957
_bC23
100 _aCalva Rodríguez, Roberto
_eAUT
245 0 _aBioética
260 _c2006
300 _a229 páginas :
_c25 cm.
650 _aGEN
654 _aCPS
942 _cLIB
_dJUS
_fJUS
_2ddc
_n
999 _c975
_d975